| 000 | 00779nam a22002057a 4500 | ||
|---|---|---|---|
| 999 |
_c8511 _d8511 |
||
| 003 | GBCCL | ||
| 005 | 20241126110652.0 | ||
| 008 | 210310b ||||| |||| 00| 0 eng d | ||
| 020 | _a9780687039012 (binding: pbk., adhesive perfect : alk. paper) | ||
| 020 | _a0687039010 (binding: pbk., adhesive perfect : alk. paper) | ||
| 040 | _cGBC | ||
| 082 |
_a221.61 _bMCK |
||
| 100 |
_aMcKenzie, Steven L., _d1953- _914967 |
||
| 245 |
_aThe Old Testament : _bits background, growth, & content / _cSteven L. McKenzie and John Kaltner. |
||
| 260 |
_aNashville, Tenn : _bAbingdon, _c2007. |
||
| 300 |
_a382 p. : _bill., maps ; _c24 cm. |
||
| 505 | _aTorah -- Former Prophets -- Latter Prophets -- Writings. | ||
| 650 |
_aBible. _vOld Testament _xIntroductions. _914968 |
||
| 942 |
_2ddc _cBK _014 |
||